Essai sur la pensée hébraïque

保存先:
書誌詳細
第一著者: Tresmontant, Claude (著者)
フォーマット: 図書
言語:フランス語
出版事項: París Du Cerf 1956
版:2a. ed
シリーズ:Lectio Divina, 12
主題:
タグ: タグ追加
タグなし, このレコードへの初めてのタグを付けませんか!

MARC

LEADER 00000nam a2200000 a 4500
001 UCZ3704
003 CL-VaPUC
008 951027e19560000FR |||||||||||||||||fre|d
082 0 4 |a 181.06  |b TRE  |2 21 
100 0 |a Tresmontant, Claude  |e author  |9 347543 
245 1 0 |a Essai sur la pensée hébraïque 
250 |a 2a. ed 
300 |a 171 p 
942 |c BK 
945 |d 19951027 00:00:00  |a cmena 
260 |a París  |b Du Cerf  |c 1956 
650 0 |a Filosofía judía   |9 265155 
650 0 |a Creencia Religiosa  |9 316904 
650 0 |a Antropología   |9 233030 
650 0 |a Inteligencia  |9 267038 
650 7 |a HOMBRE  |2 CL-VaPUC  |9 262149 
650 0 |a Naturaleza humana   |9 308593 
650 0 |a Neoplatonismo  |9 265877 
583 |a last modification  |c 19951027 00:00:00  |k Rodrigo Vera 
490 0 |a Lectio Divina, 12 
999 |c 240153  |d 240151 
952 |0 0  |1 0  |4 0  |6 181_060000000000000_TRE_1956  |7 0  |8 P  |9 251865  |a BIBEDU  |b BIBEDU  |c BIBEDU_PB  |d 2019-11-18  |i 1588044  |o 181.06 TRE 1956  |p 1588044  |r 2024-01-25  |w 2019-11-18  |y BK  |k FIL